Razonamiento espacial y aprendizaje significativo : profesores y alumnos frente a los frente a los juegos de descubrimiento basados en computador.

Bewaard in:
Bibliografische gegevens
Hoofdauteur: Maldonado Granados, Luis Facundo (autor)
Andere auteurs: Maldonado Granados, Luis Facundo, dir (autor) Dirigent, Ortega del Castillo, Nerey, [et al.] (autor) [et al.], (autor), Sanabria R., Luis, colab. ; [et al.] (autor) colab. ; [et al.], (autor)
Formaat: Boek
Taal:Spaans
Onderwerpen:
Tags: Voeg label toe
Geen labels, Wees de eerste die dit record labelt!

MARC

LEADER 00000cam^a2200000uu^4500
001 000491939
005 20250521000000.0
008 050901s2001^^^^^^^^^^^^rd^r^^000^0^spa^d
009 20260310125429.285
022 |a 9582006056 
035 |a FCE 000035198 
035 |a FCE 035237 
037 |a Acervo ITESO - Biblioteca 
041 |a spa 
082 0 4 |a 371.3944  |b MALr 
100 |a Maldonado Granados, Luis Facundo,  |e dir  |e (autor) 
245 1 0 |a Razonamiento espacial y aprendizaje significativo :  |b profesores y alumnos frente a los frente a los juegos de descubrimiento basados en computador. 
264 |a Bogotá :  |b Universidad Pedagógica Nacional : COLCIENCIAS,  |c 2001. 
300 |a 379 p. :  |b il. 
336 |a texto  |b txt  |2 rdacontenido 
337 |a sin mediación  |b n  |2 rdamedio 
338 |a volumen  |b nc  |2 rdasoporte 
649 |a XX 
650 |a Psicología Cognitiva 
650 |a Conocimiento 
650 |a Educación-computación 
650 |a Computadora 
650 |a Aprendizaje significativo 
650 |a Aprendizaje autónomo 
700 |a Ortega del Castillo, Nerey,  |e [et al.]  |e (autor) 
700 |a Sanabria R., Luis,  |e colab. ; [et al.]  |e (autor) 
910 |a Fondo Centro de Estudios Educativos 
920 |a Impresos - Libros 
930 |a Fondos Especiales 
905 |a 133 
901 |a ALE035237  |b IT2  |c CEE  |u 20250521 
902 |a https://opac.biblio.iteso.mx/vufind/Record/000491939